<?xml version="1.0" encoding="UTF-8"?>
<collection xmlns="http://www.loc.gov/MARC21/slim">
 <record>
  <leader>00448pamaa2200157   4500</leader>
  <controlfield tag="001">0000029844</controlfield>
  <controlfield tag="005">20130814090000.0</controlfield>
  <datafield tag="020" ind1="0" ind2="0">
   <subfield code="a">0071347771 </subfield>
  </datafield>
  <datafield tag="082" ind1=" " ind2=" ">
   <subfield code="a">004.62 CAP</subfield>
  </datafield>
  <datafield tag="090" ind1="0" ind2="0">
   <subfield code="a">TK5105.8865 </subfield>
   <subfield code="b">CAP 2000</subfield>
  </datafield>
  <datafield tag="100" ind1="1" ind2="0">
   <subfield code="a">CAPUTO </subfield>
  </datafield>
  <datafield tag="245" ind1="1" ind2="0">
   <subfield code="a">Cisco packetized voice and data integration  </subfield>
   <subfield code="c">Robert Caputo.</subfield>
  </datafield>
  <datafield tag="260" ind1="0" ind2="0">
   <subfield code="a">New York: </subfield>
   <subfield code="b">McGraw-Hill, </subfield>
   <subfield code="c">2000.</subfield>
  </datafield>
  <datafield tag="300" ind1=" " ind2=" ">
   <subfield code="a">xxi, 334p.; </subfield>
   <subfield code="c">24cm.</subfield>
  </datafield>
  <datafield tag="650" ind1="0" ind2="0">
   <subfield code="a">Routers (Computer networks) </subfield>
  </datafield>
  <datafield tag="650" ind1="0" ind2="0">
   <subfield code="a">Computer network protocols </subfield>
  </datafield>
 </record>
</collection>
